000 01835cam a2200337 a 4500
999 _c20792
_d20792
001 13275225
003 BDDh-ASL
005 20231015025933.0
008 030715s2004 nyuab b 001 0 eng
010 _a 2003015966
020 _a0195219392 (Hardcover : alk. paper)
040 _aDLC
_cDLC
_dDLC
_dBDDh-ASL
043 _aa-ii---
050 0 0 _aDS485.K25
_bZ88 2004
082 0 0 _a954.6
_222
_bZUL
100 1 _aZutshi, Chitralekha,
_d1972-
245 1 0 _aLanguages of belonging :
_bIslam, regional identity, and the making of Kashmir /
_cChitralekha Zutshi.
260 _aNew York :
_bOxford University Press,
_cc2004.
300 _axvi, 359 p. :
_bill., 3 maps ;
_c22 cm.
504 _aIncludes bibliographical references (p. [334]-352) and index.
505 0 _aMulk-i-Kashmir : history, memory, and representation -- Political economy and class formation in Kashmir -- Contested identities in the Kashmir Valley -- Education, class, language, and identity -- The politics of identity : religious community, region, and nation in Kashmiri discourse -- Kashmiri visions of nationalism and regionalism.
650 0 _aIslam and politics
_zIndia
_zJammu and Kashmir.
650 0 _aNationalism
_zIndia
_zJammu and Kashmir.
651 0 _aJammu and Kashmir (India)
_xHistory.
856 4 1 _3Table of contents only
_uhttp://www.loc.gov/catdir/toc/ecip046/2003015966.html
856 4 2 _3Publisher description
_uhttp://www.loc.gov/catdir/enhancements/fy0614/2003015966-d.html
856 4 2 _3Contributor biographical information
_uhttp://www.loc.gov/catdir/enhancements/fy0722/2003015966-b.html
906 _a7
_bcbc
_corignew
_d1
_eecip
_f20
_gy-gencatlg
942 _2ddc
_cBK